Представление документа в формате RUSMARC

ПолеНазваниеЗначение
  Тип записи a
  Библиографический уровень m
001 Контрольный номер RU/УОНБ/EK/618317832
005 Дата корректировки 20250520122718.8
010 Индекс ISBN __
d Цена 1 р. 60 к.
9 Тираж 100000 экз.
b Уточнения в пер.
100 Данные общей обработки __
a Данные общей обработки 20190805d1986 e y0rusy0189||||ca
101 Язык документа 0_
a Язык текста rus
102 Страна публикации __
a Страна публикации RU
105 Кодированные данные (монография) __
a Кодированные данные (монография) a z 000yy
200 Заглавие и сведения об ответственности 1_
a Заглавие Искусство стран Востока
e Сведения, относящиеся к заглавию кн. для учащихся ст. кл.
f Первые сведения об ответственности [авт.-сост. А.Н. Анисимов и др.]
g Последующие сведения об ответственности под ред. Р.С. Васильевского
210 Выходные данные 1_
a Место издания Москва
c Издательство Просвещение
d Дата издания 1986
215 Физическое описание __
a Объем 301, [1] с.
c Иллюстрации/тип воспроизводства ил., [16] л. ил.
d Формат 23 см
606 Тематические рубрики 0_
a Основная рубрика Изобразительное искусство народов Востока (д. л.)
606 Тематические рубрики 0_
a Основная рубрика Архитектура народов Востока (д. л.)
606 Тематические рубрики 0_
a Основная рубрика Декоративно-прикладное искусство народов Востока (д. л.)
610 Ключевые слова 0_
a Ключевые слова изобразительное искусство народов Востока
610 Ключевые слова 0_
a Ключевые слова архитектура народов Востока
610 Ключевые слова 0_
a Ключевые слова декоративно-прикладное искусство народов Востока
686 Индексы других классификаций __
a Классификационный индекс 85.103(5)
2 Код системы rubbk
702 Вторичная интеллектуальная ответственность _1
a Фамилия Анисимов
b Имя (инициалы) А.Н.
4 Код отношения 220
702 Вторичная интеллектуальная ответственность _1
a Фамилия Васильевский
b Имя (инициалы) Р.С.
4 Код отношения 340
801 Источник записи _0
a Страна RU
b Организация Ульяновская ОНБ
c Дата составления 20190805
g Правила каталогизации RCR
801 Источник записи _1
a Страна RU
b Организация Ульяновская ОНБ
c Дата составления 20190805
g Правила каталогизации RCR
901 Тип документа __
t Тип документа m
909 Создатель записи __
a Создатель записи Балакирева
938 Служебная информация __
a Имя БД retro
b Имя библиотеки УОНБ
c Имя АИБС МАРК-SQL
d Номер DOC_ID в БД 302112